|
|
|
|
| LEADER |
00000nab a2200000 a 4500 |
| 001 |
vtls008983634 |
| 003 |
SK-MaSNL |
| 005 |
20260304021715.0 |
| 008 |
140328 1976 xo 000 0 slo |
| 015 |
|
|
|a SNBRB1977
|
| 040 |
|
|
|a SNKBUCL
|b slo
|c SNKBUCL
|e AACR2
|
| 041 |
0 |
|
|a slo
|
| 044 |
|
|
|a xo
|c SK
|
| 080 |
|
|
|a 633.88
|2 2001
|
| 100 |
1 |
|
|a Ambrová, M.
|4 aut
|9 1001224
|
| 245 |
1 |
0 |
|a Pestovanie liečivých rastlín v záhradkách
|c M. Ambrová
|
| 650 |
0 |
7 |
|a liečivé rastliny
|2 snkbucl
|9 3510
|
| 650 |
0 |
7 |
|a pestovanie liečivých rastlín
|2 snkbucl
|9 324532
|
| 650 |
0 |
7 |
|a záhrady
|2 snkbucl
|9 2730
|
| 773 |
0 |
|
|t Záhradkár, chovateľ
|g Roč. 12, č. 12 (1976), s. 452
|
| 999 |
|
|
|c 2607213
|d 2609143
|